| 000 | 00541nam a2200193Ia 4500 | ||
|---|---|---|---|
| 008 | 131103s9999 xx 000 0 und d | ||
| 040 | _aLoreto College | ||
| 041 | _aEnglish | ||
| 082 |
_a842/ANO _bLCLIB/13361 |
||
| 100 | _aAnouilh, Jean | ||
| 245 |
_aBecket or The honour of god _cJean, Anouilh ; Translated by Lucienne Hill |
||
| 260 |
_aLondon _bMethuen _c1961 |
||
| 300 |
_a116p. _c 18cm. |
||
| 440 | _aMethuen's modern plays | ||
| 650 | _aFrench drama | ||
| 700 | _aHill, Lucienne ;tr. | ||
| 850 | _aLCLIB/842/ANO | ||
| 942 | _cBK | ||
| 999 |
_c23897 _d74376 |
||